| 000 | 01932nas a2200277Ia 4500 | ||
|---|---|---|---|
| 001 | R050-S3125 | ||
| 003 | IT-CnALBA | ||
| 008 | 170116c99999999xx |||||||||||| ||und|| | ||
| 040 |
_aIT-CnALBA _cIT-CnALBA |
||
| 041 | _aITALIANO | ||
| 100 | _aTAGGI MAX, SJ. | ||
| 210 | _aIL MESSAGGIO DEL CUORE DI GESÙ | ||
| 222 | _aIL MESSAGGIO DEL CUORE DI GESÙ | ||
| 245 | 0 |
_aIL MESSAGGIO DEL CUORE DI GESÙ. SETTEMBRE 2000. L'ARTE DI INCORAGGIAMENTO DEI GENITORI. _b ORGANO UFFICIALE DELL'APOSTOLATO DELLA PREGHIERA |
|
| 250 | _a1a ed. | ||
| 260 |
_aTORINO - ROMA _bAPOSTOLATO DELLA PREGHIERA _c2000 [1° Ed.:2000 - Ed.Ling.Originale: 2000] |
||
| 300 | _a60 p. | ||
| 310 | _aMENSILE | ||
| 362 | _aFascicolo: 9 / Anno: 23 (2000) | ||
| 500 | _aBEATIFICAZIONE DI PIO IX. INTENZIONI DI PREGHIERA, RICERCATORI DI VERITÀ, UN SOLO DIO, VENTURINI N. PORTATORI DI VITA, STANCATI T. LETTURE DOMENICHE SETTEMBRE, DE SANTIS L. PREGHIERA GIORNO PER GIORNO, LESSI A. ADORAZIONE, MEMORIA COME UN TEMPIO, BRUZZONE R. M. NOTIZIE ADP. CUORE DI GESÙ E CREATO. BENEDIZIONE VENTI IL SIGNORE, LODE ED ESALTAZIONE NEI SECOLI. MOSCHIARI G. INTERIORITÀ E CONSAPEVOLEZZA, INVITO ALL'ADORAZIONE, BISI M. GIOVANI E CIVILTÀ AMORE. CATTOLICESIMO IN CINA. | ||
| 501 | _aSocietà San Paolo EM - Piazza San Paolo, 14 - 12051 ALBA (CN) (non commercial uses only) ® Copyright 2017 | ||
| 520 | _aBEATIFICAZIONE DI PIO IX. INTENZIONI DI PREGHIERA, RICERCATORI DI VERITÀ, UN SOLO DIO, VENTURINI N. PORTATORI DI VITA, STANCATI T. LETTURE DOMENICHE SETTEMBRE, DE SANTIS L. PREGHIERA GIORNO PER GIORNO, LESSI A. ADORAZIONE, MEMORIA COME UN TEMPIO, BRUZZONE R. M. NOTIZIE ADP. CUORE DI GESÙ E CREATO. BENEDIZIONE VENTI IL SIGNORE, LODE ED ESALTAZIONE NEI SECOLI. MOSCHIARI G. INTERIORITÀ E CONSAPEVOLEZZA, INVITO ALL'ADORAZIONE, BISI M. GIOVANI E CIVILTÀ AMORE. CATTOLICESIMO IN CINA. | ||
| 650 | _aVITA E MISTERO DI CRISTO | ||
| 942 | _cCR | ||
| 957 | _71 | ||
| 999 |
_a65015 _bNO _g1 _c331711 _d331711 |
||